000 00765cam a2200241 a 4500
001 3525071
005 20250313091810.0
008 960617s1997 maua 001 0 eng
020 _a1557869855 (pbk.)
050 0 0 _aHD62.4
_b.L36 1997
082 0 0 _a658/.049
_220
100 1 _aLane, Henry W.,
_d1942-
245 1 0 _aInternational management behavior /
_cHenry W. Lane, Joseph J. DiStefano Martha L. Maznevski.
250 _a3rd ed.
260 _aCambridge, Mass. :
_bBlackwell,
_c1997.
300 _axiii, 528 p. :
_bill. ;
_c24 cm.
650 0 _aInternational business enterprises
_xManagement.
650 0 _aOrganizational behavior.
650 0 _aCulture.
700 1 _aDiStefano, Joseph J.,
_d1940-
700 1 _aMaznevski, Martha L.
942 _2lcc
_cBK
_n0
999 _c4730
_d4730